000 00433nam a22001817a 4500
003 CEME
005 20210628205321.0
008 210209b xxu||||| |||| 00| 0 eng d
020 _a0-03-094904-1
040 _c.
082 _a621.3815 COM'D
100 _aComer, David J
_956844
245 _aDigital logic and state machine design
250 _a3RD
260 _aNEWYORK
_bSAUNDERS
_c1995
300 _a573P
942 _cBK
_2ddc
999 _c580424
_d580424